Statistics for Countries Smaller in Area than Singapore

Click here to take the quiz!

General Stats

  • This quiz has been taken 280 times
    (229 since last reset)
  • The average score is 14 of 19

Answer Stats

Area km^2Country% Correct
0.44Vatican City
97%
2.02Monaco
87%
61San Marino
84%
21Nauru
82%
26Tuvalu
78%
468Andorra
76%
261Saint Kitts and Nevis
75%
459Palau
74%
389Saint Vincent and the Grenadines
73%
300Maldives
70%
160Liechtenstein
69%
616Saint Lucia
69%
430Barbados
66%
316Malta
64%
344Grenada
63%
442Antigua and Barbuda
62%
181Marshall Islands
61%
452Seychelles
58%
702Federated States of Micronesia
56%

Score Distribution

Percentile by Number Answered

Percent of People with Each Score

Your Score History

You have not taken this quiz since the last reset